000
00337nam a2200145Ia 4500
008
230718s9999 xx 000 0 und d
041
_a
Eng.
082
_a
610
_b
YEL-C
100
_a
Yeltong Michael
245
0
_a
Case Management Series
260
_a
Pakistan
_b
Sonett and Maxwell
_c
1998
300
_a
305
650
_a
Law
999
_c
26624
_d
26624